000 01054nam0a22002411i 4500
001 rc\3377284
005 20240921113524.0
021 _aRU
_b[72-5192а]
035 _a(NLR Aleph) 007450622
090 _a7211860
_c7211860
100 _a20130115d1972 |||y0rusy50 ca
101 0 _arus
102 _aRU
105 _ay d |||||
200 1 _aО роли взаимодействия культур в процессе исторического развития
_e(На материале истории культуры народов Сред. Азии)
_eАвтореф. дис. на соискание учен. степени канд. филос. наук
_e(620)
_fТашк. гос. ун-т им. В.И. Ленина
210 _aТашкент
_d1972
215 _a21 с.
700 1 _7ca
_8rus
_aАбрамян
_bЭ. Г.
_cд-р филос. наук
_f1938-
_gЭлеонора Георгиевна
_9179072
_3RU\NLR\AUTH\770179123
801 0 _aRU
_bNLR
_gpsbo
801 1 _aRU
_bELAR
_2rusmarc
852 _aNLR
_j72-4/20887
942 _cBOOK